Európska perspektíva k vykazovaniu výkonnosti podnikov

Vytváranie spoločnej európskej diskusnej platformy na komentovanie reformy obsahu a foriem účtovnej závierky - najmä z pohľadu vykazovania ekonomickej výkonnosti podniku. Reforma výkazníctva a vykazovanie výkonnosti. Júnové zasadnutie pracovnej podskupiny.

Gespeichert in:
Bibliographische Detailangaben
1. Verfasser: Tumpach, Miloš, 1970-
Format: Buchkapitel
Sprache:Slowakisch
Schlagworte:
Tags: Tag hinzufügen
Keine Tags, Fügen Sie das erste Tag hinzu!

MARC

LEADER 00000naa$a2200000$$$4500
001 0045584
005 20240502071528.3
041 0 |a slo 
044 |a SK 
245 1 0 |a Európska perspektíva k vykazovaniu výkonnosti podnikov  |c Miloš Tumpach 
520 |a Vytváranie spoločnej európskej diskusnej platformy na komentovanie reformy obsahu a foriem účtovnej závierky - najmä z pohľadu vykazovania ekonomickej výkonnosti podniku. Reforma výkazníctva a vykazovanie výkonnosti. Júnové zasadnutie pracovnej podskupiny. 
610 2 0 |a podnik 
610 2 0 |a výkonnosť 
610 2 0 |a výkony podnikové 
610 2 0 |a výkazy účtovné 
610 2 0 |a závierka účtovná 
610 2 0 |a reformy 
610 2 0 |a diskusia 
610 2 0 |a Európa 
100 1 |a Tumpach, Miloš, 1970-